000 00394nam a22001697a 4500
005 20160623103518.0
008 160623b xxu||||| |||| 00| 0 eng d
020 _a978-0-07-059976-5
041 _aeng
082 _b9277
100 _aLasikar and Flatley
_92551
245 _aBasic Business Communication
260 _bTMH
_c2007
300 _a551
650 _aManagement
_9241
942 _cBK
999 _c3631
_d3630